00445nam a22001577a 450000500170000001000130001702000100003003500130004003700140005308200100006710000220007724500840009924600660018326000180024930000200026720200117141947.0 aA-485773 c20.00 aA-485773 bBPPD/Pub. a840.8 aداود اشرف aبیرونی مشاہیر ادب اور حیدرآباد /cداود اشرف aBironi Mushahir Adab Aur Hyderabad (Urdu) /bby Dawood Ashraf a-b-c1990 ء a159p.c23cm(Hb)